header

America, Hitler and the UN (Record no. 226286)

MARC details
000 -LEADER
fixed length control field 01292nam a2200313 a 4500
100 1# - MAIN ENTRY--AUTHOR NAME
Personal name Plesch, Daniel.
245 10 - TITLE STATEMENT
Title America, Hitler and the UN
260 ## - PUBLICATION, DISTRIBUTION, ETC. (IMPRINT)
Place of publication London :
Name of publisher I.B. Tauris,
Year of publication 2011.
300 ## - PHYSICAL DESCRIPTION
Number of Pages xvi, 256 p. :
Other physical details ill., maps, ports.
650 #0 - SUBJECT ADDED ENTRY--TOPICAL TERM
Topical Term World War, 1939-1945.
Topical Term Strategy.
700 1# - ADDED ENTRY--PERSONAL NAME
Personal name Urquhart, Brian,
856 40 - ELECTRONIC LOCATION AND ACCESS
Uniform Resource Identifier http://site.ebrary.com/lib/rucke/Doc?id=10456928

No items available.

© 2026 Rongo University
Contact us: librarian | system librarian | Rongo university